000 00316nam a2200109 4500
008 180217b xxu||||| |||| 00| 0 eng d
245 _aCountries on verge of beating malaria face new threat.
260 _aPhilippines
_bThe Philippine Star
_cc2016
300 _apage 14.
650 0 _926615
_aDiseases.
942 _2ddc
_cPER
999 _c8724
_d8724